000 00782nam a2200205Ii 4500
003 JO-AjNU
008 230605s9999||||xx |||||||||||||| ||und||
040 _aJO-AjNU
_bara
_erda
_cJO-AjNU
041 _aara
050 1 4 _aBP3791.A82
100 3 _aعوده، عبد القادر,
_eauthor
_947092
245 0 0 _aالتشريع الجنائي الإسلامي مقارنا بالقانون الوضعي ج2
264 3 1 _aبيروت: دار الكتاب العربي، د.ت
300 _aج2، 758ص
336 _atext
_btxt
_2rdacontent
337 _aunmediated
_bn
_2rdamedia
338 _avolume
_bnc
_2rdacarrier
490 0 _aسلسلة الثقافة العامة
650 4 _aالقانون الجنائي- القانون المقارن- الفقه الاسلامي
_947093
999 _aA20533
_c24101
_d24101